000 00542nam a2200217 a 4500
001 0001-2360
003 ELIB.Books
008 190820 2010 eng
020 _aKBTS
092 _a248.4
_bSwi
100 _aSwindoll, Charles R.
245 _aStart Where You Are
260 _aNashville
_bWord Publishing
_c1999
300 _a193
_c22 Cm
650 _aChristian Life
856 _nKBTS Library
_uKBTS Elib
942 _2ddc
_cBK
990 _a1
998 _aEnglishbooks.elf
_ccat
_e2019-08-20
999 _c12360
_d12360